Programming with visual basic 6.0 / (Record no. 133001)

MARC details
000 -LEADER
fixed length control field 00723nam a22002297a 4500
005 - DATE AND TIME OF LATEST TRANSACTION
control field 20170124110202.0
010 ## - LIBRARY OF CONGRESS CONTROL NUMBER
LC control number B-045402
020 ## - INTERNATIONAL STANDARD BOOK NUMBER
Terms of availability 00.00
International Standard Book Number 812590932
035 ## - SYSTEM CONTROL NUMBER
System control number B-045402
037 ## - SOURCE OF ACQUISITION
Source of stock number/acquisition Cen Lib/Ret
040 ## - CATALOGING SOURCE
Original cataloging agency DPL
Language of cataloging EN
082 ## - DEWEY DECIMAL CLASSIFICATION NUMBER
Classification number 005.01
Item number MOH
100 ## - MAIN ENTRY--PERSONAL NAME
Personal name Mohammed Azam
9 (RLIN) 36464
245 ## - TITLE STATEMENT
Title Programming with visual basic 6.0 /
Statement of responsibility, etc by Mohammed Azam
260 ## - PUBLICATION, DISTRIBUTION, ETC. (IMPRINT)
Place of publication, distribution, etc New Delhi
Name of publisher, distributor, etc Vikas Publishing House
Date of publication, distribution, etc 2000
270 ## - ADDRESS
Address 576, masjid road, jangpura
City New Delhi
Postal code 110014
300 ## - PHYSICAL DESCRIPTION
Extent xxii, 456p.
Dimensions 23cm(Hb)
500 ## - GENERAL NOTE
General note Includes appendix, glossary and index
650 ## - SUBJECT ADDED ENTRY--TOPICAL TERM
Topical term or geographic name as entry element Computer science
9 (RLIN) 36465
650 ## - SUBJECT ADDED ENTRY--TOPICAL TERM
Topical term or geographic name as entry element Programming language (Basic)
9 (RLIN) 36466
942 ## - ADDED ENTRY ELEMENTS (KOHA)
Source of classification or shelving scheme Dewey Decimal Classification
Koha item type English Books
Classification part 005.01
Call number suffix MOH
Holdings
Withdrawn status Lost status Damaged status Not for loan Home library Current library Date acquired Source of acquisition Cost, normal purchase price Total Checkouts Full call number Barcode Date last seen Copy number Cost, replacement price Price effective from Koha item type
        Central Library Central Library 24/07/2015 Cen Lib/Ret 0.00   005.01 MOH B-045402 24/07/2015 1 0.00 24/07/2015 English Books

© Delhi Public Library
Hit Counter
free hit counter